Score 0/20 Timer 03:00
2 Plays Today
Clue Word % Correct
Tool with bristlesBRUSH
95.5%
Become red or rosyBLUSH
94.5%
Badly-behaved childrenBRATS
89.7%
Jeans or cargo, e.g.PANTS
88.1%
Water vesselsBOATS
87%
Cowboys wear theseBOOTS
86.8%
Number of days in LentFORTY
86.7%
Machine componentsPARTS
86.6%
Old and boring peopleFARTS
83.2%
Copper and zinc alloyBRASS
82.3%
Clue Word % Correct
IrreverentBRASH
81.6%
Worth and WayneFORTS
80.6%
HoodlumsPUNKS
69.8%
Brewster of 80's TVPUNKY
69.5%
Long, flat-bottomed boatsPUNTS
67.5%
Strongly musty or oddly hipFUNKY
67.2%
Stolen valuablesBOOTY
67%
Aussie Rules footballFOOTY
64.2%
✪Michael or Lucille, e.g.✪✪BLUTH✪
62.1%
✪Tobias or Maeby, e.g.✪✪FÜNKE✪
49.3%

Today's Daily Dose

Remove Ads.
Support Sporcle.
Get the best of Sporcle when you Go Orange. This ad-free experience offers more features, more stats, and more fun while also helping to support Sporcle. Thank you for becoming a member.

You're not logged in!

Compare scores with friends on all Sporcle quizzes.
OR
Log In

Show Comments

Extras

Top Quizzes Today


Score Distribution

Your Account Isn't Verified!

In order to create a playlist on Sporcle, you need to verify the email address you used during registration. Go to your Sporcle Settings to finish the process.

Report this User

Report this user for behavior that violates our Community Guidelines.

Details: